000 00917nam a22003137a 4500
003 CHAP
005 20220329140243.0
008 971013s1964 us a r 00010 eng d
010 _a49280
011 _a50252
035 _a54402
040 _cCHAP
082 0 4 _a580
_bR63 1964
100 0 0 _aRobbins, Wilfred William.
_997889
245 1 _aBotany
_b: an introduction to plant science
250 _a3 ed.
260 _aNew York :
_bWiley,
_c1964
300 _a614 p.
_b: ilus.
590 _aBATCH-UPD
_b10
_c20130110
_lUCH01
_h1819
590 _aBATCH-UPD
_b10
_c20130410
_lUCH01
_h1153
590 _aBATCH-UPD
_b10
_c20130914
_lUCH01
_h0732
590 _aCONVERSION
_b10
_c20130109
_lUCH01
_h1327
650 1 4 _aBotánica.
_914477
700 0 _aStocking, C. Ralph.
_9109831
700 0 _aWeier, T. Elliot.
_9121351
901 _aBK
942 _cLIBRO
949 _a580 R63 1964
_bBC
_cMUT
_d-120059
_eMUT
_h71031
_i54402
_si
999 _c49280
_d49280